000 00696nam a2200289Ia 4500
005 20260324132028.0
008 008 260324s9999 xx 000 0 eng d
020 _a9781315260006
037 _aEBOOK
040 _aCRL
040 _beng
040 _cCRL
041 _2eng
041 _aeng
084 _qCRL
100 _aOliver Sträter
_91187765
245 0 _aCognition and Safety
245 3 _bAn Integrated Approach to Systems Design and Assessment
260 _bTaylor and Francis
260 _c2005
365 _a
365 _b225
856 _uhttp://www.taylorfrancis.com/books/9781315260006
942 _cEBOOK
999 _c1785450
_d1785450